| 000 | 01186cam a2200349 i 4500 | ||
|---|---|---|---|
| 001 | 106912 | ||
| 005 | 20230410120739.0 | ||
| 008 | 120517b2001 mx 000 0 spa | ||
| 020 | _a9681661826 | ||
| 050 | 1 | 4 |
_aHV 5801 _bH968d 2001 |
| 082 | 0 | 0 | _a364.1/77 |
| 100 | 1 |
_aHusak, Douglas N., _d1948- |
|
| 245 | 1 | 0 |
_aDrogas y derechos / _cDouglas N Husak; prólogo de Gustavo de Greiff y Pablo de Greiff ; tradución de Gustavo de Greiff. |
| 260 |
_aMéxico : _bFondo de Cultura Económica, _c2001 |
||
| 300 |
_a350 p. ; _c22 cm. |
||
| 490 | 0 | _aSección de obras de política y derecho. | |
| 500 | _aTraducido de: Drugs and rights. | ||
| 650 | 0 |
_aDrug abuse _xGovernment policy. |
|
| 650 | 0 | _aDrug legalization. | |
| 650 | 0 |
_aDrugs of abuse _xLaw and legislation _xPhilosophy. |
|
| 650 | 4 |
_aNarcotráfico _y1989-1995. |
|
| 650 | 4 |
_aAbuso de drogas _xPolítica gubernamental. |
|
| 650 | 4 | _aLegalización de drogas. | |
| 650 | 4 |
_aAbuso de drogas _xLegalisación _xFilosofía. |
|
| 650 | 4 |
_aDrogas _xEfectos fisiológicos. |
|
| 650 | 4 | _aDrogagicción. | |
| 650 | 4 | _a20150300 | |
| 700 | 1 | _aGreiff, Gustavo de | |
| 700 | 1 | _aGreiff, Pablo de | |
| 942 |
_2lcc _cbk |
||
| 946 | _aSH | ||
| 999 |
_c51074 _d51074 |
||